000 00308nam a22001457a 4500
003 OSt
005 20211227160138.0
008 211227b |||||||| |||| 00| 0 eng d
020 _a0340802146
040 _cHU
082 _a004
100 _aBrid Mac
_925573
245 _aWindows Me
942 _2ddc
_cBOOKS
_n0
999 _c24462
_d24462